|
|
|
|
| LEADER |
00000nam0a2200000 4500 |
| 001 |
302615 |
| 005 |
20231102001524.0 |
| 035 |
|
|
|a (RuTPU)RU\TPU\book\327822
|
| 090 |
|
|
|a 302615
|
| 100 |
|
|
|a 20150825d1981 km y0rusy50 ca
|
| 101 |
0 |
|
|a rus
|
| 102 |
|
|
|a RU
|
| 105 |
|
|
|a a z 001zy
|
| 200 |
1 |
|
|a Двухроторные асинхронные электродвигатели
|f М. Н. Филатов, В. Н. Цой
|
| 210 |
|
|
|a Москва
|c Энергоиздат
|d 1981
|
| 215 |
|
|
|a 105 с.
|c ил.
|
| 320 |
|
|
|a Библиогр.: с. 103-104.
|
| 606 |
1 |
|
|a Электродвигатели асинхронные
|x Роторы
|2 stltpush
|3 (RuTPU)RU\TPU\subj\19833
|9 45001
|
| 610 |
1 |
|
|a конструкции
|
| 610 |
1 |
|
|a теория
|
| 610 |
1 |
|
|a конденсаторы
|
| 610 |
1 |
|
|a цепи возбуждения
|
| 610 |
1 |
|
|a расчеты
|
| 610 |
1 |
|
|a экспериментальные исследования
|
| 675 |
|
|
|a 621.313.333.004
|v 3
|
| 700 |
|
1 |
|a Филатов
|b М. Н.
|g Михаил Николаевич
|
| 701 |
|
1 |
|a Цой
|b В. Н.
|g Владимир Николаевич
|
| 801 |
|
1 |
|a RU
|b 63413507
|c 20150825
|
| 801 |
|
2 |
|a RU
|b 63413507
|c 20151214
|g RCR
|
| 942 |
|
|
|c BK
|